[Event "Titled Tue 1st Jul Early"]
[Site "chess.com INT"]
[Date "2025.07.01"]
[Round "3"]
[White "Fichter, Fabian"]
[Black "Shariyazdanov, Andrey"]
[Result "0-1"]
[WhiteTitle "FM"]
[BlackTitle "GM"]
[WhiteElo "2227"]
[BlackElo "2505"]
[WhiteFideId "24613258"]
[BlackFideId "4122747"]
[EventDate "2025.07.01"]

1. e4 c5 2. Nf3 Nc6 3. d4 cxd4 4. Nxd4 e5 5. Nf3 Nf6 6. Nc3 Bb4 7. Bd3 d5 8.
exd5 Nxd5 9. O-O Nxc3 10. bxc3 Bxc3 11. Rb1 O-O 12. Qe2 f5 13. Rd1 Nd4 14. Bc4+
Kh8 15. Nxd4 exd4 16. Bf4 b6 17. Qf3 Bd7 18. Bd6 Re8 19. Bf7 Rc8 20. Bxe8 Qxe8
21. Qf4 Qg6 22. Qg3 Ba4 23. Rb3 Bxb3 24. axb3 Qxg3 25. hxg3 Kg8 26. Be5 Kf7 27.
Rd3 Rd8 28. Kf1 Rd5 29. f4 g5 30. Ke2 Ra5 31. Rd1 Kg6 32. Kd3 Ra2 33. Rc1 Kh5
34. Bxd4 Bxd4 35. Kxd4 gxf4 36. gxf4 Kg4 37. Ke3 Ra5 38. Rh1 h5 39. g3 Rc5 40.
c4 Rc8 41. Kd4 Rh8 42. Ke5 Kxg3 43. Rg1+ Kf2 44. Rg5 h4 0-1

[Event "Titled Tue 1st Jul Early"]
[Site "chess.com INT"]
[Date "2025.07.01"]
[Round "3"]
[White "Pournami S"]
[Black "Fikiet, Alex"]
[Result "1-0"]
[WhiteTitle "WCM"]
[WhiteElo "1730"]
[BlackElo "2151"]
[WhiteFideId "25732439"]
[BlackFideId "2052717"]
[EventDate "2025.07.01"]

1. d4 Nf6 2. c4 e5 3. dxe5 Ng4 4. Nf3 Bc5 5. e3 Nc6 6. Nc3 O-O 7. h3 Ngxe5 8. a3
a5 9. Be2 Re8 10. O-O Nxf3+ 11. Bxf3 Ne5 12. Be2 Ra6 13. Rb1 Qh4 14. b4 axb4 15.
axb4 Ba7 16. f4 Ng6 17. c5 d6 18. Bxa6 bxa6 19. Qa4 Rd8 20. Qc6 dxc5 21. bxc5
Ne7 22. Qxc7 Rd7 23. Qe5 Bb7 24. Rxb7 Rxb7 25. c6 Rb3 26. c7 h6 27. Qxe7 Qxe7
28. c8=Q+ Kh7 29. Qf5+ g6 30. Qc2 Bxe3+ 31. Kh1 Rb6 32. Nd5 1-0

[Event "Titled Tue 1st Jul Early"]
[Site "chess.com INT"]
[Date "2025.07.01"]
[Round "3"]
[White "Durarbayli, Vasif"]
[Black "Waldhausen Gordon, Frederick"]
[Result "1-0"]
[WhiteTitle "GM"]
[BlackTitle "FM"]
[WhiteElo "2612"]
[BlackElo "2395"]
[WhiteFideId "13402935"]
[BlackFideId "2409143"]
[EventDate "2025.07.01"]

1. e4 e5 2. Nf3 Nc6 3. d4 exd4 4. Nxd4 Nf6 5. Nxc6 bxc6 6. e5 Qe7 7. Qe2 Nd5 8.
h4 Qe6 9. Nd2 a5 10. g3 Ba6 11. c4 Nb4 12. Bh3 Qg6 13. Ne4 h5 14. Bg5 Be7 15.
Bxe7 Kxe7 16. Rd1 Rhd8 17. O-O Nd5 18. f4 Kf8 19. Kh2 d6 20. e6 f6 21. Ng5 Re8
22. Rde1 Re7 23. f5 Qe8 24. Ne4 Rb8 25. b3 a4 26. Qf3 axb3 27. axb3 Nb4 28. g4
hxg4 29. Qxg4 Nc2 30. Re2 Nd4 31. Rg2 Rxb3 32. Nxf6 Qa8 33. Nh7+ Kg8 34. f6 Nf3+
35. Rxf3 Rxf3 36. Qxf3 1-0

[Event "Titled Tue 1st Jul Early"]
[Site "chess.com INT"]
[Date "2025.07.01"]
[Round "3"]
[White "Auribault, Louis"]
[Black "Srihari, L R"]
[Result "0-1"]
[WhiteTitle "FM"]
[BlackTitle "IM"]
[WhiteElo "2114"]
[BlackElo "2482"]
[WhiteFideId "45196591"]
[BlackFideId "46617116"]
[EventDate "2025.07.01"]

1. e4 c5 2. Nc3 a6 3. g3 b5 4. Bg2 Bb7 5. d3 e6 6. Nh3 Nf6 7. O-O d6 8. Be3 Nc6
9. f4 Be7 10. Ng5 h6 11. Nxf7 Kxf7 12. e5 Nd7 13. Ne4 d5 14. f5 dxe4 15. fxe6+
Kg8 16. exd7 Qxd7 17. Qh5 Bg5 18. Bxg5 hxg5 19. Qxg5 Qd4+ 20. Rf2 Rf8 21. Rf1
Rxf2 22. Rxf2 Nxe5 23. Qf5 Rh6 24. c3 Qd6 25. dxe4 Rf6 26. Qh5 Rxf2 27. Kxf2
Qd2+ 28. Kg1 Qc1+ 29. Bf1 Qe3+ 30. Kh1 Qxe4+ 31. Kg1 Qe3# 0-1

[Event "Titled Tue 1st Jul Early"]
[Site "chess.com INT"]
[Date "2025.07.01"]
[Round "3"]
[White "Suleimen, Ergali"]
[Black "Sarasketa Irastortza, Oier"]
[Result "0-1"]
[WhiteTitle "FM"]
[BlackTitle "CM"]
[WhiteElo "2330"]
[BlackElo "2140"]
[WhiteFideId "13724452"]
[BlackFideId "54728207"]
[EventDate "2025.07.01"]

1. e4 e5 2. Nf3 Nc6 3. Nc3 Nf6 4. Nd5 Bc5 5. c3 d6 6. b4 Bb6 7. a4 Nxe4 8. Qe2
Nxf2 9. Nxb6 Nxh1 10. Nxa8 Bf5 11. g3 Qxa8 12. Bg2 Nxg3 13. hxg3 O-O 14. Bb2 a5
15. b5 Ne7 16. O-O-O Qc8 17. d4 e4 18. Ng5 d5 19. Rh1 h6 20. Nh3 Bg4 21. Qe1 c6
22. Ba3 Re8 23. b6 Qd8 24. Bc5 Nc8 25. Nf2 Be6 26. Qd1 Nxb6 27. Qb3 Nc4 28. Qxb7
Qg5+ 29. Kb1 Qxg3 30. Bf1 Rb8 0-1

[Event "Titled Tue 1st Jul Early"]
[Site "chess.com INT"]
[Date "2025.07.01"]
[Round "3"]
[White "Rustamov, Rustam"]
[Black "Panda, Sambit"]
[Result "1-0"]
[WhiteTitle "FM"]
[BlackTitle "IM"]
[WhiteElo "2323"]
[BlackElo "2379"]
[WhiteFideId "13440110"]
[BlackFideId "25091794"]
[EventDate "2025.07.01"]

1. e4 c6 2. Nf3 d5 3. Nc3 dxe4 4. Nxe4 Nf6 5. Qe2 Bg4 6. g3 e6 7. Bg2 Nbd7 8.
O-O Be7 9. h3 Bh5 10. d3 O-O 11. Re1 Nxe4 12. dxe4 e5 13. Rd1 Qc7 14. g4 Bg6 15.
b3 Nc5 16. Bb2 f6 17. Nh4 Rfd8 18. Nxg6 hxg6 19. Qc4+ Kh7 20. h4 b5 21. Qe2 Ne6
22. Qf3 Nf4 23. Rxd8 Rxd8 24. Bc1 Bc5 25. Bf1 Qd6 26. Bxf4 exf4 27. h5 gxh5 28.
gxh5 Qe5 29. Rd1 Rxd1 30. Qxd1 Kh6 31. Qf3 Bd4 32. Be2 a5 33. a4 b4 34. Kf1 Qg5
35. Qh3 c5 36. Qc8 Qh4 37. Qh8+ Kg5 38. Qxg7# 1-0

[Event "Titled Tue 1st Jul Early"]
[Site "chess.com INT"]
[Date "2025.07.01"]
[Round "3"]
[White "Demchenko, Yaroslav"]
[Black "Aradhya, Garg"]
[Result "0-1"]
[WhiteTitle "CM"]
[BlackTitle "IM"]
[WhiteElo "2217"]
[BlackElo "2370"]
[WhiteFideId "14186667"]
[BlackFideId "25006746"]
[EventDate "2025.07.01"]

1. Nf3 d5 2. e3 Nf6 3. b3 Bg4 4. Bb2 e6 5. d4 c5 6. Nbd2 Nc6 7. a3 Rc8 8. Bd3
cxd4 9. exd4 Bd6 10. O-O O-O 11. h3 Bh5 12. Re1 Re8 13. Nf1 e5 14. dxe5 Nxe5 15.
g4 Nxd3 16. Rxe8+ Qxe8 17. Qxd3 Bg6 18. Qd4 Rxc2 19. Ne3 Bc5 20. Nxc2 Bxd4 21.
Ncxd4 h6 22. Re1 Be4 23. Nf5 Qd7 24. Bxf6 Bxf5 25. Re7 Qc6 26. Bd4 Be4 27. Ne5
Qc1+ 28. Kh2 Qh1+ 29. Kg3 Qg2+ 30. Kf4 Qxh3 31. f3 Bg6 32. Nxg6 fxg6 33. Rxg7+
Kf8 34. Rxg6 Qh2+ 35. Kf5 Qc2+ 36. Kf6 Qc6+ 37. Kf5 Qd7+ 38. Re6 Kf7 0-1

[Event "Titled Tue 1st Jul Early"]
[Site "chess.com INT"]
[Date "2025.07.01"]
[Round "3"]
[White "Legenia, Artem"]
[Black "Garcia Correa, Jose Ricardo"]
[Result "1-0"]
[BlackTitle "FM"]
[WhiteElo "2092"]
[BlackElo "2103"]
[WhiteFideId "14136945"]
[BlackFideId "5101832"]
[EventDate "2025.07.01"]

1. c4 e5 2. g3 f5 3. Bg2 Nf6 4. d3 Bc5 5. e3 O-O 6. Nc3 a6 7. Nge2 d6 8. O-O Qe7
9. Rb1 c6 10. a3 Ba7 11. b4 Be6 12. b5 axb5 13. cxb5 Bc5 14. a4 cxb5 15. d4 exd4
16. exd4 Ba7 17. Nf4 Bc4 18. Re1 Qc7 19. Nxb5 Bxb5 20. Rxb5 Ne4 21. Ne6 Qc4 22.
Nxf8 Bxd4 23. Bxe4 fxe4 24. Ne6 Bxf2+ 25. Kxf2 Qxe6 26. Qd5 Qxd5 27. Rxd5 Rxa4
28. Rxd6 Nc6 29. Rd7 b5 30. Red1 Ne5 31. Rd8+ Kf7 32. Kg2 Nf3 33. Rf1 Ke7 34.
Rb8 Ra2+ 35. Rf2 Ne1+ 36. Kg1 Rxf2 37. Kxf2 Nd3+ 38. Ke3 Nxc1 39. Rxb5 Na2 40.
Re5+ Kf6 41. Rxe4 Nc3 42. Rc4 Nd5+ 43. Kd4 Ne7 44. Rc3 Kg6 45. Rf3 h5 46. Ke5
Nc6+ 47. Kd6 Nd4 48. Rf4 Ne2 49. Re4 Nc3 50. Re6+ Kf7 51. Re5 Kg6 52. h4 1-0

[Event "Titled Tue 1st Jul Early"]
[Site "chess.com INT"]
[Date "2025.07.01"]
[Round "3"]
[White "Nihal, Sarin"]
[Black "Amangeldy, Ernur"]
[Result "1-0"]
[WhiteTitle "GM"]
[BlackTitle "FM"]
[WhiteElo "2692"]
[BlackElo "2195"]
[WhiteFideId "25092340"]
[BlackFideId "13720244"]
[EventDate "2025.07.01"]

1. e4 Nf6 2. e5 Nd5 3. d4 d6 4. Nf3 dxe5 5. Nxe5 c6 6. Be2 Bf5 7. g4 Be6 8. f4
f6 9. f5 fxe5 10. fxe6 Qd6 11. c4 Nf4 12. Bxf4 exf4 13. Nc3 Qxe6 14. Qb3 Nd7 15.
O-O-O O-O-O 16. Rhe1 Qe3+ 17. Kb1 f3 18. Bd3 Qf4 19. Bf5 f2 20. Rf1 g6 21. Be6
Kb8 22. Qc2 Bg7 23. Rxf2 Qg5 24. Ne4 Qh4 25. Rf7 Bf6 26. Bxd7 Rxd7 27. Nxf6 Rdd8
28. Qe4 e6 29. Qe5+ Ka8 30. Qc7 Rb8 31. Nd7 Qxg4 32. Rd3 Qe4 33. Kc2 Qe2+ 34.
Kc3 Rbc8 35. Nb6+ 1-0

[Event "Titled Tue 1st Jul Early"]
[Site "chess.com INT"]
[Date "2025.07.01"]
[Round "3"]
[White "Mattenberger, Matthias"]
[Black "Weetik, Vjacheslav"]
[Result "1-0"]
[WhiteTitle "FM"]
[BlackTitle "FM"]
[WhiteElo "2276"]
[BlackElo "2423"]
[WhiteFideId "1339958"]
[BlackFideId "4153472"]
[EventDate "2025.07.01"]

1. d4 g6 2. c4 Bg7 3. Nc3 d6 4. e4 e5 5. d5 a5 6. Be2 Na6 7. g4 Nc5 8. h4 f5 9.
gxf5 gxf5 10. Bh5+ Kf8 11. exf5 Bxf5 12. Qf3 Qd7 13. Bg4 Ne7 14. Bg5 Ke8 15.
Bh5+ Ng6 16. Nge2 e4 17. Qe3 h6 18. Nf4 Qf7 19. Bxg6 Bxg6 20. Nxg6 Qxg6 21. Bf4
Nd3+ 22. Kf1 Bxc3 23. bxc3 Qf5 24. Bg3 Kd7 25. Ke2 b5 26. cxb5 Qxd5 27. a4 Qc4
28. Kd2 Raf8 29. Rhf1 Rf3 30. Qd4 Qxd4 31. cxd4 Nb2 32. Rac1 Nxa4 33. Rc6 Nb2
34. Rfc1 Rc8 35. b6 1-0

[Event "Titled Tue 1st Jul Early"]
[Site "chess.com INT"]
[Date "2025.07.01"]
[Round "3"]
[White "Sabatier, Mathis"]
[Black "Lee, Qing Aun"]
[Result "0-1"]
[WhiteTitle "CM"]
[BlackTitle "FM"]
[WhiteElo "2235"]
[BlackElo "2280"]
[WhiteFideId "26029685"]
[BlackFideId "5804167"]
[EventDate "2025.07.01"]

1. d4 e6 2. c4 f5 3. Nc3 Nf6 4. Bg5 d5 5. g3 c6 6. Bg2 Bd6 7. Nh3 O-O 8. O-O
Nbd7 9. Bf4 Be7 10. Ng5 Nb8 11. h4 h6 12. Nf3 Nbd7 13. Ne5 Qe8 14. f3 Nh5 15.
Nxd7 Bxd7 16. Be5 g5 17. g4 Nf4 18. e4 Nxg2 19. Kxg2 gxh4 20. gxf5 exf5 21. Kh1
Kh7 22. cxd5 fxe4 23. fxe4 Bg5 24. dxc6 bxc6 25. Qd3 Qg6 26. d5 c5 27. d6 Rae8
28. Bh2 Bc6 29. Rxf8 Rxf8 30. Nd5 Re8 31. Re1 Qe6 32. Ne7 Bxe7 33. dxe7 Rxe7 34.
Kg1 Qg6+ 35. Kf2 Bxe4 36. Rxe4 Qxe4 37. Qxe4+ Rxe4 38. Bd6 c4 39. Kf3 0-1

[Event "Titled Tue 1st Jul Early"]
[Site "chess.com INT"]
[Date "2025.07.01"]
[Round "3"]
[White "Troltenier, Dirk"]
[Black "Di Nicolantonio, Lucas"]
[Result "1-0"]
[WhiteTitle "FM"]
[BlackTitle "IM"]
[WhiteElo "2174"]
[BlackElo "2410"]
[WhiteFideId "4606400"]
[BlackFideId "680460"]
[EventDate "2025.07.01"]

1. e4 c5 2. Nf3 d6 3. Bb5+ Nd7 4. c3 Nf6 5. Qe2 a6 6. Ba4 b5 7. Bc2 Bb7 8. d4 e5
9. O-O Be7 10. a4 b4 11. Nbd2 bxc3 12. bxc3 O-O 13. dxe5 dxe5 14. Nc4 Qc7 15. a5
Bc6 16. Bg5 h6 17. Bh4 Bb5 18. Rfd1 Rfd8 19. Bd3 Nf8 20. Nb6 Rxd3 21. Nxa8 Rxd1+
22. Qxd1 Qb7 23. Nb6 Nxe4 24. Bxe7 Qxe7 25. c4 Bc6 26. Nd5 Qd6 27. Ne3 Qf6 28.
Nd5 Bxd5 29. Qxd5 Nxf2 30. Kxf2 e4 31. Qe5 exf3 32. Qxf6 gxf6 33. gxf3 Nd7 34.
Rb1 Ne5 35. Rb6 Nxc4 36. Rxa6 Kg7 37. Ra8 Nb2 38. a6 c4 39. a7 c3 40. Rc8 Nd3+
41. Ke3 1-0

[Event "Titled Tue 1st Jul Early"]
[Site "chess.com INT"]
[Date "2025.07.01"]
[Round "3"]
[White "Pribelszky, Bence"]
[Black "Miserendino, Alfredo"]
[Result "1-0"]
[WhiteTitle "IM"]
[WhiteElo "2401"]
[BlackElo "2032"]
[WhiteFideId "769738"]
[BlackFideId "101800"]
[EventDate "2025.07.01"]

1. e4 c5 2. Nf3 e6 3. d4 cxd4 4. Nxd4 Bc5 5. Nc3 Qb6 6. Na4 Qa5+ 7. c3 Bxd4 8.
Qxd4 Nf6 9. e5 Nc6 10. Qc5 Qxc5 11. Nxc5 Nxe5 12. Bf4 d6 13. Bxe5 dxe5 14. O-O-O
O-O 15. g4 Nxg4 16. Rd2 b6 17. Ne4 Bb7 18. Bg2 Bxe4 19. Bxe4 Rad8 20. Re2 f5 21.
Bc2 e4 22. f3 exf3 23. Rxe6 g6 24. h4 Rf6 25. Re7 h5 26. Rf1 f2 27. Bd1 Rd3 28.
Rxa7 Rxd1+ 29. Kxd1 Ne3+ 30. Ke2 Nxf1 31. Kxf1 Rf7 32. Ra6 Rf6 33. Kxf2 Kf7 34.
Kf3 Rc6 35. Ra4 Kf6 36. Kf4 Re6 37. Rb4 Rd6 38. a4 Re6 39. b3 Rd6 40. Rb5 Re6
41. b4 Re4+ 42. Kf3 Re6 43. c4 Rc6 44. c5 bxc5 45. bxc5 Ke6 46. Kf4 Kd5 47. Kg5
Kc4 48. Rb6 1-0

[Event "Titled Tue 1st Jul Early"]
[Site "chess.com INT"]
[Date "2025.07.01"]
[Round "3"]
[White "Ter-Sahakyan, Samvel"]
[Black "Perossa, Nicolas"]
[Result "0-1"]
[WhiteTitle "GM"]
[BlackTitle "FM"]
[WhiteElo "2611"]
[BlackElo "2253"]
[WhiteFideId "13302531"]
[BlackFideId "2850520"]
[EventDate "2025.07.01"]

1. d4 Nf6 2. c4 e6 3. Nc3 d5 4. cxd5 Nxd5 5. Bg5 Qxg5 6. e3 Nxc3 7. bxc3 c5 8.
Nf3 Qd8 9. Bd3 cxd4 10. cxd4 Bb4+ 11. Kf1 Be7 12. h4 h6 13. Rc1 Bd7 14. Qb3 Qb6
15. Qd1 Nc6 16. Kg1 Rc8 17. Rb1 Qc7 18. Be4 Nb4 19. Ne5 Bc6 20. Qh5 Bxe4 21.
Qxf7+ Kd8 22. Qxg7 Rf8 23. Rf1 Bd6 24. Qxh6 Rg8 25. f3 Bxe5 26. dxe5 Bf5 27. e4
Qc5+ 28. Kh2 Qxe5+ 29. f4 Qg7 30. Qxg7 Rxg7 31. exf5 Rc2 32. f6 Rcxg2+ 33. Kh3
R7g3# 0-1

[Event "Titled Tue 1st Jul Early"]
[Site "chess.com INT"]
[Date "2025.07.01"]
[Round "3"]
[White "Ahmad, Al Khatib"]
[Black "Deac, Bogdan-Daniel"]
[Result "0-1"]
[WhiteTitle "GM"]
[BlackTitle "GM"]
[WhiteElo "2172"]
[BlackElo "2674"]
[WhiteFideId "8103178"]
[BlackFideId "1226380"]
[EventDate "2025.07.01"]

1. d4 Nf6 2. Nc3 d5 3. Bf4 e6 4. Nb5 Bb4+ 5. c3 Ba5 6. a4 c6 7. Na3 Nbd7 8. Nf3
Ne4 9. h3 Qe7 10. e3 f6 11. Bh2 e5 12. Be2 O-O 13. O-O Re8 14. Nb1 exd4 15. exd4
Nf8 16. Bd3 Bc7 17. Bxc7 Qxc7 18. Nbd2 Bf5 19. Qc2 Re6 20. Nh4 Nxd2 21. Bxf5 Re2
22. Qd3 Nxf1 23. Kxf1 Rae8 24. Nf3 Rxb2 25. Kg1 g6 26. Bg4 f5 27. Bxf5 gxf5 28.
Qxf5 Qf7 29. Qg4+ Qg7 30. Qf5 Ng6 31. Ng5 Qe7 32. Rf1 Rf8 33. Qg4 Rf4 34. Qg3
Re2 35. Nf3 Ree4 0-1

[Event "Titled Tue 1st Jul Early"]
[Site "chess.com INT"]
[Date "2025.07.01"]
[Round "3"]
[White "Politov, Pavel Y."]
[Black "Aghaei, Alireza"]
[Result "1-0"]
[WhiteTitle "FM"]
[BlackTitle "CM"]
[WhiteElo "2190"]
[BlackElo "2204"]
[WhiteFideId "24110515"]
[BlackFideId "12509914"]
[EventDate "2025.07.01"]

1. d4 c6 2. c4 d5 3. cxd5 cxd5 4. Nc3 Nc6 5. Bf4 Nf6 6. e3 a6 7. Bd3 Bg4 8. f3
Bh5 9. Rc1 Bg6 10. Nge2 e6 11. a3 Rc8 12. Na4 Bxd3 13. Qxd3 Qa5+ 14. Nec3 b5 15.
b4 Nxb4 16. axb4 Bxb4 17. O-O bxa4 18. Nxd5 O-O 19. Nxf6+ gxf6 20. Rc4 a3 21.
Qb3 Rxc4 22. Qxc4 Bc3 23. Qa2 Bb2 24. h4 Rc8 25. Kh2 Qd2 26. Bg3 Qxe3 27. d5
exd5 28. Qxd5 Qe6 29. Qa5 a2 30. h5 a1=Q 31. Rxa1 Bxa1 32. Qxa1 Qf5 33. Qxa6
Qxh5+ 34. Kg1 1-0

[Event "Titled Tue 1st Jul Early"]
[Site "chess.com INT"]
[Date "2025.07.01"]
[Round "3"]
[White "Magana Morales, Roberto"]
[Black "Hamedi Nia, Vesal"]
[Result "1/2-1/2"]
[BlackTitle "WIM"]
[WhiteElo "1952"]
[BlackElo "2010"]
[WhiteFideId "5114454"]
[BlackFideId "12542253"]
[EventDate "2025.07.01"]

1. e4 c5 2. Nf3 Nc6 3. d4 cxd4 4. Nxd4 Nf6 5. Nc3 e5 6. Ndb5 d6 7. Nd5 Nxd5 8.
exd5 Ne7 9. c4 Ng6 10. Be2 a6 11. Nc3 Be7 12. b4 b6 13. a4 O-O 14. a5 f5 15. Be3
bxa5 16. bxa5 f4 17. Bb6 Qe8 18. c5 dxc5 19. d6 Bf6 20. Qd5+ Be6 21. Qxc5 Rc8
22. Bc7 e4 23. Bxa6 e3 24. O-O exf2+ 25. Rxf2 Ne5 26. Re1 Qh5 27. Bxc8 Nf3+ 28.
gxf3 Qxc5 29. Bxe6+ Kh8 30. Ne4 Qxa5 31. Rd1 Qe5 32. Rfd2 Qxe6 33. d7 Bd8 34.
Bxd8 Rxd8 35. Rd6 Qe7 36. Nc5 h6 37. Nb7 Qg5+ 38. Kh1 Qh5 39. Nxd8 Qxf3+ 40. Kg1
Qe3+ 41. Kf1 Qf3+ 42. Ke1 Qe3+ 43. Kf1 Qf3+ 44. Ke1 Qe3+ 45. Kf1 1/2-1/2

[Event "Titled Tue 1st Jul Early"]
[Site "chess.com INT"]
[Date "2025.07.01"]
[Round "3"]
[White "Dyulgerov, Volen"]
[Black "Nikulina, Alena"]
[Result "1-0"]
[WhiteTitle "CM"]
[BlackTitle "WFM"]
[WhiteElo "2181"]
[BlackElo "1875"]
[WhiteFideId "2918978"]
[BlackFideId "4172051"]
[EventDate "2025.07.01"]

1. e4 c5 2. d4 cxd4 3. c3 dxc3 4. Nxc3 Nc6 5. Nf3 Qc7 6. Bc4 e6 7. O-O Nf6 8.
Re1 d6 9. Bg5 Be7 10. Rc1 a6 11. Nd5 Qd8 12. Qd2 h6 13. Nxe7 Qxe7 14. Bf4 e5 15.
Be3 Be6 16. Bd3 O-O 17. Bxh6 gxh6 18. Qxh6 Ng4 19. Qh5 Kg7 20. Nh4 Rh8 21. Nf5+
Bxf5 22. Qxf5 Qh4 23. h3 Nf6 24. Rxc6 bxc6 25. Re3 Qh6 26. Rg3+ Kf8 27. Rf3 Ke7
28. Bc4 Rag8 29. Bxf7 Kxf7 30. Qd7+ Kf8 31. Qxd6+ Kf7 32. Qd7+ Kg6 33. Qf5+ Kg7
34. Qxe5 Rf8 35. Qg3+ Kh7 36. e5 Ne4 37. Qg4 1-0

[Event "Titled Tue 1st Jul Early"]
[Site "chess.com INT"]
[Date "2025.07.01"]
[Round "3"]
[White "Novikova, Anna"]
[Black "Chen, Yidong"]
[Result "0-1"]
[WhiteTitle "WIM"]
[WhiteElo "2179"]
[BlackElo "2074"]
[WhiteFideId "4146794"]
[BlackFideId "8607028"]
[EventDate "2025.07.01"]

1. e4 c5 2. Nf3 a6 3. d4 cxd4 4. Nxd4 Nf6 5. Nc3 e5 6. Nb3 Bb4 7. Bd3 d5 8. exd5
Nxd5 9. Bd2 Nxc3 10. Bxc3 Bxc3+ 11. bxc3 O-O 12. O-O Nc6 13. Qh5 g6 14. Qh6 Qe7
15. Rfe1 b6 16. f4 Bb7 17. Nd2 Qc5+ 18. Kh1 f5 19. Nf3 e4 20. Ng5 Qe7 21. Bc4+
Kh8 22. Re3 Na5 23. Be6 Bc8 24. Bd5 Ra7 25. Rh3 Qg7 26. Qh4 h5 27. Qg3 Rd7 28.
Be6 Re7 29. Bd5 Bb7 30. Bxb7 Nxb7 31. Qf2 Nc5 32. Qe2 Rd7 33. g4 fxg4 34. Qxg4
Rfd8 0-1

[Event "Titled Tue 1st Jul Early"]
[Site "chess.com INT"]
[Date "2025.07.01"]
[Round "3"]
[White "Gelman, Alexander"]
[Black "Sarana, Alexey"]
[Result "1/2-1/2"]
[WhiteTitle "IM"]
[BlackTitle "GM"]
[WhiteElo "2403"]
[BlackElo "2686"]
[WhiteFideId "4118316"]
[BlackFideId "24133795"]
[EventDate "2025.07.01"]

1. d4 Nf6 2. Nc3 d5 3. Bf4 a6 4. e3 e6 5. g4 Bb4 6. Ne2 Nxg4 7. Rg1 g5 8. Rxg4
gxf4 9. Rxf4 Qg5 10. Qd2 Nc6 11. O-O-O Bd7 12. h4 Qh6 13. Kb1 f5 14. Rf3 Qxh4
15. Nf4 O-O-O 16. Rh3 Qe7 17. Be2 Rdg8 18. Rdh1 Rg7 19. a3 Bd6 20. Rh6 Nd8 21.
Bh5 Qf8 22. Bf3 c6 23. Na4 Kb8 24. Nb6 Qe8 25. Bh5 Qe7 26. c4 Bc7 27. c5 Ka7 28.
Qb4 Rhg8 29. Ka2 Rg1 30. Rh2 R8g7 31. Be2 Rc1 32. Nd3 Rcg1 33. f4 R1g3 34. R6h3
Rxh3 35. Rxh3 Rg2 36. Bf1 Rg1 37. Be2 Qg7 38. Ne5 Be8 39. Bxa6 bxa6 40. Nc8+ Ka8
41. Nb6+ Bxb6 42. Qxb6 Nb7 43. Qxa6+ Kb8 44. Nxc6+ Bxc6 45. Qxc6 Rc1 46. Qxe6
Qg1 47. Qe8+ Ka7 48. Qa4+ Kb8 49. Qe8+ Ka7 50. Qa4+ Kb8 51. Qe8+ 1/2-1/2

[Event "Titled Tue 1st Jul Early"]
[Site "chess.com INT"]
[Date "2025.07.01"]
[Round "3"]
[White "Kornev, Alexei"]
[Black "Erdogmus, Yagiz Kaan"]
[Result "0-1"]
[WhiteTitle "GM"]
[BlackTitle "GM"]
[WhiteElo "2500"]
[BlackElo "2626"]
[WhiteFideId "4120949"]
[BlackFideId "44599790"]
[EventDate "2025.07.01"]

1. d4 g6 2. e4 Nf6 3. e5 Nh5 4. Be2 d6 5. Bxh5 gxh5 6. Qxh5 Nc6 7. Nf3 Rg8 8.
Ng5 Rxg5 9. Bxg5 Nxd4 10. Na3 dxe5 11. O-O Bf5 12. Rad1 Qc8 13. h3 Bg6 14. Qh4
f6 15. Be3 Nf5 16. Qa4+ c6 17. Qb3 Bf7 18. Qd3 Bg6 19. Qe2 Qe6 20. Nc4 Kf7 21.
Bc1 Nd4 22. Rxd4 exd4 23. Qxe6+ Kxe6 24. c3 dxc3 25. bxc3 Rd8 26. Re1+ Kf7 27.
Be3 b6 28. a4 Rd5 29. a5 b5 30. Nb6 axb6 31. axb6 Rd7 32. Ra1 e5 33. Ra7 Ke6 34.
c4 bxc4 35. Ra8 Bd6 36. Rc8 Kd5 37. f3 c3 38. Kf2 c2 39. Ke2 Bc5 0-1

[Event "Titled Tue 1st Jul Early"]
[Site "chess.com INT"]
[Date "2025.07.01"]
[Round "3"]
[White "Chigaev, Maksim"]
[Black "Lopez Rayo, Santiago"]
[Result "1-0"]
[WhiteTitle "GM"]
[BlackTitle "FM"]
[WhiteElo "2628"]
[BlackElo "2350"]
[WhiteFideId "4108116"]
[BlackFideId "4455665"]
[EventDate "2025.07.01"]

1. e4 c5 2. Nf3 d6 3. c3 Nf6 4. Be2 Bd7 5. Qc2 Bc6 6. d3 e5 7. O-O Be7 8. Re1
Qc7 9. Bf1 d5 10. exd5 Bxd5 11. Nxe5 O-O 12. Na3 Bd6 13. Nb5 Qd8 14. Nxd6 Qxd6
15. Qd1 Nc6 16. Bf4 Rfe8 17. d4 cxd4 18. cxd4 Qb4 19. Nxc6 bxc6 20. Rxe8+ Rxe8
21. Qd2 Qb6 22. f3 h6 23. Kh1 Nd7 24. b3 a5 25. Rc1 a4 26. bxa4 Ra8 27. Bc4 Nf6
28. Bxd5 Nxd5 29. Bd6 Rxa4 30. Bc5 Qa6 31. a3 Qb5 32. h3 Ra8 33. Re1 Rb8 34. Qc2
Qb7 35. a4 Qa6 36. Bd6 Ra8 37. Kh2 g6 38. Bg3 Qxa4 39. Qd2 h5 40. Qh6 Qxd4 41.
Be5 1-0

[Event "Titled Tue 1st Jul Early"]
[Site "chess.com INT"]
[Date "2025.07.01"]
[Round "3"]
[White "Priasmoro, Novendra"]
[Black "Shakirov, Marat"]
[Result "1/2-1/2"]
[WhiteTitle "GM"]
[BlackTitle "FM"]
[WhiteElo "2426"]
[BlackElo "2167"]
[WhiteFideId "7105029"]
[BlackFideId "44118171"]
[EventDate "2025.07.01"]

1. d4 Nf6 2. Nf3 g6 3. g3 Bg7 4. Bg2 O-O 5. O-O d6 6. c4 Nc6 7. Nc3 e5 8. dxe5
dxe5 9. Bg5 h6 10. Qxd8 Rxd8 11. Bxf6 Bxf6 12. Nd5 Kg7 13. Nxc7 Rb8 14. e4 Be7
15. Nd5 Bc5 16. Rfd1 a5 17. h3 Be6 18. Rd2 f5 19. exf5 gxf5 20. Re1 e4 21. Nh4
Ne5 22. Nf4 Kf7 23. Rxd8 Rxd8 24. Nxe6 Kxe6 25. Re2 Nxc4 26. g4 e3 27. Nxf5 Rd2
28. Bf1 Rxe2 29. Bxe2 exf2+ 30. Kg2 Ne3+ 31. Nxe3 Bxe3 32. h4 Kf6 33. b3 b6 34.
a4 Bc5 35. Kf3 Bd4 36. Ke4 Bc5 37. Kf4 Bd4 38. g5+ hxg5+ 39. hxg5+ Kg7 40. Kg4
Bc5 41. Bd3 Bb4 42. Kf5 Bd2 43. g6 Be3 44. Ke4 Bc5 45. Kd5 Kf6 46. Kc6 Be3 47.
Kd7 Kg7 48. Kc7 Bd4 49. Kc6 Be3 50. Kb5 Bd4 51. b4 axb4 52. Kxb4 Be3 53. Kc4 Bd2
54. Kb5 Ba5 55. Kc6 f1=Q 56. Bxf1 Kxg6 57. Bb5 Kf6 58. Kd5 1/2-1/2